00591nam a2200181Ia 4500999001500000020001800015082002200033245004000055260003700095300001300132504001900145650001400164650002100178650002200199700002800221942000700249952015300256 c6771d6771 a9788170339687 a352.73440954 FUN- 0aFunctioning of panchayat raj system aJaipurbRawat Publicationsc2005 axii, 356 aincludes index aPanchayat aLocal government aWomen in politics aSisodia, Yatindra Singh cBK 00104070aNASSDOCbNASSDOCd2009-04-27eGifted by : Sales Unit ICSSRi2009-03-27l0o352.73440954 FUN-p45628r2019-04-18 00:00:00w2019-04-18yBK